书目信息 |
| 题名: |
绿色的思念
|
|
| 作者: | 曲祥 曲 | |
| 分册: | ||
| 出版信息: | 北京 人民音乐出版社 2003 |
|
| 页数: | 42页 | |
| 开本: | 30cm | |
| 丛书名: | ||
| 单 册: | ||
| 中图分类: | J648.21 | |
| 科图分类: | ||
| 主题词: | 二胡--器乐曲--中国--现代--选集 , 二胡 , 器乐曲 | |
| 电子资源: | ||
| ISBN: | 7-103-02638-6 | |
| 000 | 00605ncm0 2200229 450 | |
| 001 | 002502795 | |
| 005 | 20070805170054.79 | |
| 010 | @a7-103-02638-6@dCNY8.00 | |
| 100 | @a20030827d2003 em y0chiy0110 ea | |
| 101 | 1 | @achi |
| 102 | @aCN@b110000 | |
| 105 | @ag z 000yy | |
| 200 | 1 | @a绿色的思念@9lv se de si nian@e二胡与乐队@f曲祥曲 |
| 210 | @a北京@c人民音乐出版社@d2003 | |
| 215 | @a42页@d30cm | |
| 606 | 0 | @a二胡@x器乐曲@y中国@z现代@j选集 |
| 606 | 0 | @a二胡 |
| 606 | 0 | @a器乐曲 |
| 690 | @aJ648.21@v4 | |
| 701 | 0 | @a曲祥@9qu xiang@4曲 |
| 801 | 0 | @aCN@bNLC@c20070805 |
| 905 | @a10447@dJ648.21@e123 | |
| 绿色的思念:二胡与乐队/曲祥曲.-北京:人民音乐出版社,2003 |
| 42页;30cm |
| ISBN 7-103-02638-6:CNY8.00 |
| ● |
| 相关链接 |
|
|
|
|
正题名:绿色的思念
索取号:J648.21/123
 
预约/预借
| 序号 | 登录号 | 条形码 | 馆藏地/架位号 | 状态 | 备注 |
| 1 | 0809018 | 208090180 | 第一样本阅览室/ [索取号:J648.21/123] | 在馆 | |
| 2 | 0809019 | 208090199 | 第一借阅区/ [索取号:J648.21/123] | 在馆 | |
| 3 | 0809020 | 208090206 | 第一借阅区/ [索取号:J648.21/123] | 在馆 | |
| 4 | 0809021 | 208090215 | 第一借阅区/ [索取号:J648.21/123] | 在馆 | |
| 5 | 0809022 | 208090224 | 第一借阅区/ [索取号:J648.21/123] | 在馆 | |
| 6 | 0809023 | 208090233 | 第一借阅区/ [索取号:J648.21/123] | 在馆 | |
| 7 | 0809024 | 208090242 | 第一借阅区/ [索取号:J648.21/123] | 在馆 | |
| 8 | 0809025 | 208090251 | 音乐系资料室/ [索取号:J648.21/123] | 在馆 | |
| 9 | 0809026 | 208090260 | 音乐系资料室/ [索取号:J648.21/123] | 在馆 | |
| 10 | 0809027 | 208090279 | 密集书库-音乐系/ [索取号:J648.21/123] | 在馆 |